LEADER 01108nam a2200253 i 4500 001 000000162553 003 CaOOAMICUS 005 20070628000000.0 008 070628s1974 it u000 u ita u 013 $a139917 040 $aSeMil$bita 100 1 $aBianucci, Piero.$0(OLS)http://semarc/name/29400 245 13$aLa veritą confezionata :$bcome leggere un giornale /$cPiero Bianucci. 260 $aTorino :$bParavia,$cCopyr. 1974. 300 $a254 p., [16] p. di tav. :$bill. ;$c23 cm. 490 0 $aPercorsi : collana interdisciplinare di documenti e modelli d'analisi ;$v1 500 $aIn Appendice : Esercizi di lettura. - Contiene : Bibliografia. 650 4$aGiornali.$0(OLS)http://semarc/subject/7160 830 0$aPercorsi ;$v1.$0(OLS)http://semarc/title/423011 850 $aSeMil 852 $aSeMil$W1$xVenegono$y1$m3M IV 188$j113895$B113895$CSeMilBibl$Z2$F125727 $81 961 $aOmaggio: Ghiringhelli prof. Livio 996 $6245$aLa veritą confezionata :$bcome leggere un giornale$9(OLS)http://semarc/title/146295 996 $6260$aTorino :$bParavia$9(OLS)http://semarc/publisher/30028 LEADER 03224nab a2200517 i 4500 001 000000274232 003 CaOOAMICUS 005 20180831164950.0 008 180831n xx uu u0 0und r 013 $a22708 040 $aSeMil$bita 245 10$a[Gennaio-Giugno]. 500 $a1927. 773 0 $t[1927.$w()194837 774 0 $aAllevi, Luigi <1873-1954>$tAntiche scuole cristiane.$w()313281 774 0 $aMilanese, Gino$tMartiri di Julia Concordia e la critica del Lanzoni.$w()313282 774 0 $tL?origine del culto dei Martiri nella Chiesa Romana.$w()313283 774 0 $aSpallanzani, Cesare$tNozione di Sacramento in Sant?Agostino.$w()313284 774 0 $aVannutelli, Primo$tMetodo di ricerca a riguardo dei Sinottici del Vecchio e Nuovo Testamento.$w()313285 774 0 $aMeda, Filippo <1869-1939>$tAncora il Cassiciącum di S. Agostino.$w()313286 774 0 $aTondelli, Leone <1893-1953>$tBollettini: Studi Neo-Testamentari.$w()313287 774 0 $tNote sul movimento religioso contemporaneo.$w()313288 774 0 $aScremin, Luigi$tProblema della educazione della Castitą.$w()313289 774 0 $aPast, Romualdo$tMediazione universale di Maria Vergine.$w()313290 774 0 $tAncora a proposito dell? «Action Francaise».$w()313291 774 0 $aPremoli, Orazio Maria$tPasso di Giuseppe Flavio poco conosciuto.$w()313292 774 0 $aSchiavini, Giuseppe <1889-1974>$tVoronoffiana.$w()313293 774 0 $tCronaca scientifica.$w()313294 774 0 $aPortaluppi, Angelo$tS. Giovanni della Croce Dottore della Chiesa.$w()313295 774 0 $aScuola (La) Cattolica:, periodico$tFedeltą.$w()313296 774 0 $aGuerrini, Paolo $tPrigionia politica di Mons. Carminati a Brescia nel 1866. Documenti del Risorgimento.$w()313297 774 0 $tIstruzione della S. Congregazione del S. Ufficio sopra la lettura deilibri proibiti.$w()313298 774 0 $aSchiavini, Giuseppe <1889-1974>$tVoronoffiana.$w()313299 774 0 $aRicciotti, Giuseppe <1890-1964>$tL?esegesi naturalistica del Cantico dei Cantici.$w()313300 774 0 $tApprovazione Benedizione sovrana.$w()313301 774 0 $tDisposizione pontificie per il conferimento della Laurea in S. Teologia e Diritto Canonico.$w()313302 774 0 $tFormola dogmatica della Chiesa Scismatica Mariavita.$w()313303 774 0 $aOlgiati, Francesco $tBollettini: attraverso le pubblicazioni filosofiche pił recenti.$w()313304 774 0 $tCondanna delle opere di Charles Maurras e del giornale «L?Action Francaise».$w()313305 774 0 $aPius XI $tCondanna delle opere di Charles Maurras e del giornale «L?Action Francaise»: 5 gennaio 1927 (testo francese).$w()313306 774 0 $aMorin, Germain $tOł en est la question de Cassiciacum?.$w()313307 774 0 $aVannutelli, Primo$tSinottici del Vecchio e del Nuovo Testamento nella loro composizione.$w()313308 774 0 $aVaudagnotti, Attilio$tBollettini: Storia antica della Chiesa.$w()313309 774 0 $tCronaca scientifica.$w()313310 774 0 $aVercesi, Ernesto$tCondanna dell?Action Francaise.$w()313311 996 $6245$a[Gennaio-Giugno]$9(OLS)http://semarc/title/358887